Acta palaeontologica Polonica.

保存先:
書誌詳細
共著者: Polska Akademia Nauk. Komitet Geologiczny, Zaklad Paleobiologii (Polska Akademia Nauk), Zaklad Paleozoologii (Polska Akademia Nauk)
フォーマット: 雑誌
言語:Polish
出版事項: Warszawa : Panstwowe Wydawn. Naukowe, 1956-.
主題:
LEADER 03337cas a2200673 a 4500
001 c000156318
003 CARM
005 20120903104315.0
008 760316c19569999pl qr0p 0 a0pol
010 |a 60040714 
019 1 |a 918550  |5 LACONCORD2021 
022 0 |a 0567-7920 
030 |a APGPAC 
035 |a (OCoLC)2051833  |5 LACONCORD2021 
040 |a DLC  |b eng  |c PU  |d CtY  |d InU  |d NIC  |d NSDP  |d AIP  |d DLC  |d ICRL  |d NST  |d DLC  |d LC 
041 0 |a poleng  |b frerus  |f frerus 
042 |a nsdp  |a lc 
043 |a e-po--- 
050 0 0 |a QE755.P7  |b A6 
210 0 |a Acta Palaeontol. Pol 
222 0 |a Acta palaeontologica Polonica 
245 0 0 |a Acta palaeontologica Polonica. 
260 |a Warszawa :  |b Panstwowe Wydawn. Naukowe,  |c 1956-. 
300 |a v. :  |b ill., maps (some folded) ;  |c 24 cm. 
310 |a Quarterly 
362 0 |a Vol. 1, no. 1- 
510 2 |a Life sciences collection 
510 2 |a GeoRef  |x 0197-7482 
510 2 |a Biological abstracts  |x 0006-3169 
546 |a Text in Polish and English; summaries also in French and Russian; table of contents also in French and Russian. 
550 |a Issued by: Polska Akademia Nauk, Komitet Geologiczny, 1956-1957; Polska Akademia Nauk, Zaklad Paleobiologii, 1958- ; Polska Akademia Nauk, Zaklad Paleozoologii, <1972-1973>. 
650 0 |a Paleontology  |z Poland. 
650 0 |a Paleontology  |x Periodicals. 
710 2 |a Polska Akademia Nauk.  |b Komitet Geologiczny. 
710 2 |a Zaklad Paleobiologii (Polska Akademia Nauk) 
710 2 |a Zaklad Paleozoologii (Polska Akademia Nauk) 
852 8 |b CARM  |h A2:AI02F0  |i C04515  |p 0185787  |f SE 
852 8 |b CARM  |h A2:AI02F0  |i C04514  |p 0185788  |f SE 
852 8 |b CARM  |h A2:AI02F0  |i C04514  |p 0185788  |f SE 
852 8 |b CARM  |p 0588072  |j 42:1(1997:03)-42:4(1997:10)  |f SE 
852 8 |b CARM  |p 0588063  |j 43:1(1998:03)-46:4(2001:10)  |f SE 
852 8 |b CARM  |p 0588066  |j 47:1(2002:03)-50:4(2005:12)  |f SE 
852 8 |b CARM  |p 0588067  |j 51:1(2006:03)-53:4(2008:12)  |f SE 
852 8 |b SCAN  |h A3:AG16C0  |i C12812  |p 0588072  |f SE 
852 8 |b SCAN  |h A3:AG16C0  |i C12813  |p 0588063  |f SE 
852 8 |b SCAN  |h A3:AG26D0  |i F08315  |p 0588067  |f SE 
852 8 |b SCAN  |h A3:AG26D0  |i F08316  |p 0588066  |f SE 
866 0 |a 1(1956)-53:4(2008:12) Inc. 
999 f f |i 38de1b3b-e770-5f39-92d3-a2e70d2642b8  |s e96c9b71-c350-556e-9e1f-8f2fa5f41dba 
952 f f |p Can circulate  |a CAVAL  |b CAVAL  |c CAVAL  |d CARM 1 Store  |e C04514  |f A2:AI02F0  |h Other scheme  |i book  |k 13(1968)-20(1975)  |m 0185788 
952 f f |p Can circulate  |a CAVAL  |b CAVAL  |c CAVAL  |d CARM 1 Store  |e C04515  |f A2:AI02F0  |h Other scheme  |i book  |k  1(1956)-12(1967)  |m 0185787 
952 f f |p Can circulate  |a CAVAL  |b CAVAL  |c CAVAL  |d CARM 1 Store  |e C04514  |f A2:AI02F0  |h Other scheme  |i book  |m 0588066 
952 f f |p Can circulate  |a CAVAL  |b CAVAL  |c CAVAL  |d CARM 1 Store  |e C04514  |f A2:AI02F0  |h Other scheme  |i book  |m 0588072 
952 f f |p Can circulate  |a CAVAL  |b CAVAL  |c CAVAL  |d CARM 1 Store  |e C04514  |f A2:AI02F0  |h Other scheme  |i book  |m 0588067 
952 f f |p Can circulate  |a CAVAL  |b CAVAL  |c CAVAL  |d CARM 1 Store  |e C04514  |f A2:AI02F0  |h Other scheme  |i book  |m 0588063 
952 f f |a CAVAL  |b CAVAL  |c CAVAL  |d Unmapped Location  |e F08316  |f A3:AG26D0  |h Other scheme 
952 f f |a CAVAL  |b CAVAL  |c CAVAL  |d Unmapped Location  |e C12812  |f A3:AG16C0  |h Other scheme 
952 f f |a CAVAL  |b CAVAL  |c CAVAL  |d Unmapped Location  |e C12813  |f A3:AG16C0  |h Other scheme 
952 f f |a CAVAL  |b CAVAL  |c CAVAL  |d Unmapped Location  |e F08315  |f A3:AG26D0  |h Other scheme